00454nam a2200121Ia 4500008004100000082001400041100001000055245007000065260005100135365000600186630007000192730007000262100415s9999 xx 000 0 und d b4184a500 aP.N.I aProceedings Of The National Institute Of Sciences Of India Vol.20 aCalcattac1954bNational Institute Of Sciences b0 aProceedings Of The National Institute Of Sciences Of India Vol.20 aProceedings Of The National Institute Of Sciences Of India Vol.20